Typing quiz 50 wpm - Statistics

General Stats
  • This quiz has been taken 83 times
  • The average score is 21 of 25
Answer Stats
Hint Answer % Correct
Chicken dinner Chicken dinner
100%
Let’s go Let’s go
100%
South America South America
100%
We won We won
100%
Winner winner Winner winner
100%
Lebron James Lebron James
98%
North America North America
98%
Michael Jordan Michael Jordan
95%
Crash out Crash out
92%
Don’t crash Don’t crash
89%
Rip juice Rip juice
89%
Juice Wrld Juice wrld
87%
East west East west
86%
Lock in Lock in
86%
South north South north
86%
Kick ball Kick ball
84%
Love baseball Love baseball
78%
I’m goated I’m goated
75%
Love basketball Love basketball
75%
How did How did
68%
You do You do
67%
That’s cool That’s cool
65%
Alpha beta Alpha beta
60%
The best The best
59%
Please subscribe Please subscribe
48%
No matching quizzes found
Score Distribution
Percent of People with Each Score
Percentile by Number Answered
Your Score History
You have not taken this quiz